000 00319nam a2200133Ia 4500
005 20260328104312.0
008 260328s9999||||xx |||||||||||||| ||und||
100 _aHantze, Natalie
245 0 _aGreat Store Design /
_cNatalie Hantze
260 _bteNeues
300 _a208 p.
650 _aARQUITECTURA
942 _cBK
999 _c11013
_d11013